[Event "Puhajarve Rapid op 21st"]
[Site "Puhajarve"]
[Date "2021.11.28"]
[Round "36"]
[White "Blomqvist, Erik"]
[Black "Khaetsky, Roman"]
[Result "1/2-1/2"]
[WhiteElo "2542"]
[BlackElo "2339"]
[PlyCount "76"]
[EventDate "2021.11.26"]
[EventType "tourn (rapid)"]
[EventRounds "37"]
[EventCountry "EST"]
[SourceTitle "CBM 205 Extra"]
[Source "ChessBase"]
[SourceDate "2022.01.31"]
[SourceVersion "1"]
[SourceVersionDate "2022.01.31"]
[SourceQuality "1"]

1. e4 Nf6 2. e5 Nd5 3. d4 d6 4. Nf3 dxe5 5. Nxe5 c6 6. Nf3 Bf5 7. Bd3 Bxd3 8. Qxd3 e6 9. 0-0 Be7 10. c4 Nf6 11. Nc3 0-0 12. Bf4 Nbd7 13. Rad1 Re8 14. Rfe1 Bb4 15. a3 Bxc3 16. Qxc3 b5 17. b3 bxc4 18. bxc4 Qb6 19. Rb1 Qa6 20. Bd6 Nb6 21. Ne5 Rad8 22. c5 Nbd5 23. Qf3 h6 24. h3 Rc8 25. Rb3 Qa4 26. Rb7 Rf8 27. Bxf8 Rxf8 28. Qd3 Nf4 29. Qd2 N6d5 30. Re4 Qa6 31. Rb3 f6 32. Nd3 Qc4 33. Nxf4 Qxb3 34. Nxe6 Re8 35. Qe1 Qd3 36. a4 a5 37. g4 Qc3 38. Qe2 Qxh3 1/2-1/2

[Event "Puhajarve Rapid op 21st"]
[Site "Puhajarve"]
[Date "2021.11.28"]
[Round "31"]
[White "Sirosh, Ilja"]
[Black "Khaetsky, Roman"]
[Result "1/2-1/2"]
[WhiteElo "2402"]
[BlackElo "2339"]
[PlyCount "109"]
[EventDate "2021.11.26"]
[EventType "tourn (rapid)"]
[EventRounds "37"]
[EventCountry "EST"]
[SourceTitle "CBM 205 Extra"]
[Source "ChessBase"]
[SourceDate "2022.01.31"]
[SourceVersion "1"]
[SourceVersionDate "2022.01.31"]
[SourceQuality "1"]

1. e4 Nf6 2. e5 Nd5 3. d4 d6 4. Nf3 dxe5 5. Nxe5 c6 6. Be2 Bf5 7. 0-0 Nd7 8. Nf3 b5 9. a4 a6 10. c3 e6 11. Bg5 Be7 12. Bxe7 Nxe7 13. Nh4 0-0 14. Nxf5 Nxf5 15. Bf3 Qc7 16. Qc2 Nf6 17. g3 h6 18. Nd2 Nd6 19. Rfe1 Rab8 20. axb5 axb5 21. Ra6 Rb6 22. Rea1 Rxa6 23. Rxa6 Nd5 24. Nb3 Nc4 25. Nc5 Ncb6 26. b3 Ra8 27. Rxa8+ Nxa8 28. c4 bxc4 29. bxc4 Ne7 30. Qa4 Nb6 31. Qa5 Kh7 32. Na4 Nbd5 33. Qc5 Nf6 34. Kg2 g6 35. h4 Kg7 36. Nc3 Qd7 37. Qe5 Nf5 38. d5 exd5 39. cxd5 c5 40. Ne4 Qe7 41. Qc3 c4 42. Qxc4 Nxe4 43. Bxe4 Nd6 44. Qd4+ Qf6 45. Qxf6+ Kxf6 46. Bf3 Ke5 47. Kf1 Kd4 48. Ke2 h5 49. Bg2 f5 50. Kf3 Ke5 51. Ke3 Nf7 52. f4+ Kd6 53. Kd4 Nd8 54. Bf1 Nb7 55. Bb5 1/2-1/2

[Event "Puhajarve Rapid op 21st"]
[Site "Puhajarve"]
[Date "2021.11.27"]
[Round "25"]
[White "Kulaots, Kaido"]
[Black "Khaetsky, Roman"]
[Result "1-0"]
[WhiteElo "2518"]
[BlackElo "2339"]
[PlyCount "109"]
[EventDate "2021.11.26"]
[EventType "tourn (rapid)"]
[EventRounds "37"]
[EventCountry "EST"]
[SourceTitle "CBM 205 Extra"]
[Source "ChessBase"]
[SourceDate "2022.01.31"]
[SourceVersion "1"]
[SourceVersionDate "2022.01.31"]
[SourceQuality "1"]

1. e4 Nf6 2. e5 Nd5 3. d4 d6 4. Nf3 dxe5 5. Nxe5 c6 6. Bd3 Nd7 7. Nf3 e6 8. 0-0 Bd6 9. c4 Nf4 10. Bc2 Nf6 11. Nc3 0-0 12. Be3 Bc7 13. Qd2 Ng6 14. Rad1 Ng4 15. Bg5 f6 16. Be3 f5 17. Bg5 Qd6 18. c5 Qd7 19. h3 Nf6 20. Rfe1 Nd5 21. Qe2 Ngf4 22. Bxf4 Nxf4 23. Qe3 Qd8 24. Ne5 Bxe5 25. dxe5 Nd5 26. Qd4 Bd7 27. Bb3 Be8 28. Bc4 Qe7 29. a3 Rd8 30. Bxd5 cxd5 31. b4 Rc8 32. Ne2 Bb5 33. Nc3 Be8 34. Qd3 a6 35. Qd4 Bb5 36. Rc1 Bc4 37. Nb1 Bb5 38. Nd2 Ba4 39. Nf3 Bb5 40. Qd2 Ba4 41. Nd4 Bb5 42. Rc3 Bc4 43. Qf4 h6 44. h4 Kh7 45. Rg3 Qf7 46. h5 Rce8 47. Rg6 Qd7 48. Re3 Qa4 49. Qf3 f4 50. Re1 Qd7 51. Qg4 Bd3 52. Nxe6 Bf5 53. Rxg7+ Kh8 54. Rxd7 Bxg4 55. Nxf8 1-0

[Event "Hofheim Spring op 7th"]
[Site "Hofheim"]
[Date "2019.04.26"]
[Round "6"]
[White "Koellner, Ruben Gideon"]
[Black "Khaetsky, Roman"]
[Result "1-0"]
[WhiteElo "2318"]
[BlackElo "2344"]
[PlyCount "107"]
[EventDate "2019.04.23"]
[EventType "swiss"]
[EventRounds "9"]
[EventCountry "GER"]
[SourceTitle "CBM 190 Extra"]
[Source "ChessBase"]
[SourceDate "2019.07.15"]
[SourceVersion "1"]
[SourceVersionDate "2019.07.15"]
[SourceQuality "1"]

1. d4 Nf6 2. Bg5 e6 3. Nd2 c5 4. e3 d5 5. c3 Nc6 6. f4 Be7 7. Bxf6 Bxf6 8. Ngf3 cxd4 9. exd4 Qc7 10. Ne5 g5 11. Nxc6 bxc6 12. fxg5 Bxg5 13. Nf3 Qf4 14. Bd3 Qe3+ 15. Qe2 Qxe2+ 16. Kxe2 Bf6 17. g4 Rb8 18. b3 Ke7 19. g5 Bg7 20. Ne5 Bxe5 21. dxe5 Bd7 22. h4 h6 23. Ke3 c5 24. Rag1 Bc6 25. Rh2 Rbg8 26. g6 fxg6 27. Bxg6 Rd8 28. Rf2 d4+ 29. cxd4 cxd4+ 30. Kd2 Rdf8 31. Rgf1 Rxf2+ 32. Rxf2 Be8 33. Bxe8 Rxe8 34. Rf6 Rg8 35. Rxh6 Rg2+ 36. Kd3 Rxa2 37. Rh7+ Kf8 38. Kxd4 Ra5 39. h5 Rd5+ 40. Ke4 Rb5 41. Kf4 a5 42. Ra7 Rxb3 43. Rxa5 Kg7 44. Ra6 Kh6 45. Rxe6+ Kxh5 46. Rf6 Rb4+ 47. Kf5 Rb1 48. Rf7 Kh6 49. Kf6 Rf1+ 50. Ke7 Ra1 51. Rf2 Kg6 52. Rd2 Kg7 53. Rg2+ Kh7 54. e6 1-0

[Event "Heusenstamm Sparkassen op-A 5th"]
[Site "Heusenstamm"]
[Date "2018.11.25"]
[Round "6"]
[White "Farmani Anosheh, Yasha"]
[Black "Khaetsky, Roman"]
[Result "1-0"]
[WhiteElo "2127"]
[BlackElo "2347"]
[PlyCount "93"]
[EventDate "2018.11.22"]
[EventType "swiss"]
[EventRounds "7"]
[EventCountry "GER"]
[SourceTitle "CBM 188 Extra"]
[Source "ChessBase"]
[SourceDate "2019.02.26"]
[SourceVersion "1"]
[SourceVersionDate "2019.02.26"]
[SourceQuality "1"]

1. e4 e5 2. Nf3 Nc6 3. Nc3 g6 4. d4 exd4 5. Nxd4 Bg7 6. Be3 Nge7 7. Qd2 0-0 8. 0-0-0 d6 9. h4 h5 10. f3 Ne5 11. Bh6 a6 12. Be2 b5 13. Bxg7 Kxg7 14. f4 Ng4 15. f5 Nf6 16. fxg6 fxg6 17. Bf3 Bd7 18. Qg5 b4 19. Nce2 c5 20. Nf5+ Nxf5 21. exf5 Bxf5 22. Bxa8 Qxa8 23. Ng3 Ne4 24. Nxe4 Qxe4 25. Qd2 a5 26. Rde1 Qc4 27. b3 Qc3 28. Qxc3+ bxc3 29. Re3 Bg4 30. Rxc3 Rf2 31. g3 Kf6 32. Re1 Bf5 33. Rd1 Ke6 34. Re3+ Kd7 35. Rd2 Rf1+ 36. Kb2 Kc6 37. c4 a4 38. bxa4 Rb1+ 39. Ka3 Rc1 40. a5 Rxc4 41. Rb3 Kc7 42. a6 Be4 43. a7 Bc6 44. Kb2 d5 45. Rc2 Ra4 46. Rxc5 Kd6 47. Rxc6+ 1-0

[Event "Heusenstamm Sparkassen op-A 5th"]
[Site "Heusenstamm"]
[Date "2018.11.25"]
[Round "7"]
[White "Khaetsky, Roman"]
[Black "Foermes, Alexander"]
[Result "1-0"]
[WhiteElo "2347"]
[BlackElo "2061"]
[PlyCount "53"]
[EventDate "2018.11.22"]
[EventType "swiss"]
[EventRounds "7"]
[EventCountry "GER"]
[SourceTitle "CBM 188 Extra"]
[Source "ChessBase"]
[SourceDate "2019.02.26"]
[SourceVersion "1"]
[SourceVersionDate "2019.02.26"]
[SourceQuality "1"]

1. e4 c6 2. d4 d5 3. e5 Bf5 4. c4 e6 5. Nc3 Ne7 6. a3 dxc4 7. Bxc4 Nd5 8. Nge2 Be7 9. 0-0 0-0 10. Ng3 Bg6 11. f4 Qd7 12. Kh1 Rd8 13. Qf3 Nb6 14. Bb3 Qxd4 15. Be3 Qd7 16. Rad1 Qc8 17. Rxd8+ Qxd8 18. f5 exf5 19. Nxf5 Na6 20. Bxf7+ Kh8 21. Bxg6 hxg6 22. Nxg7 Qg8 23. Nh5 Rf8 24. Nf6 Bxf6 25. exf6 Qe6 26. f7 Nc7 27. Bh6 1-0

[Event "Pardubice Czech op-A 29th"]
[Site "Pardubice"]
[Date "2018.07.28"]
[Round "9"]
[White "Khaetsky, Roman"]
[Black "Kukelko, Alexey"]
[Result "1/2-1/2"]
[WhiteElo "2381"]
[BlackElo "2196"]
[PlyCount "22"]
[EventDate "2018.07.20"]
[EventType "swiss"]
[EventRounds "9"]
[EventCountry "CZE"]
[SourceTitle "CBM 185 Extra"]
[Source "ChessBase"]
[SourceDate "2018.07.29"]
[SourceVersion "1"]
[SourceVersionDate "2018.07.29"]
[SourceQuality "1"]

1. e4 c5 2. Nf3 e6 3. d4 cxd4 4. Nxd4 Qb6 5. Nb3 Qc7 6. Bd3 Nf6 7. 0-0 Nc6 8. Nc3 a6 9. f4 d6 10. Qf3 Be7 11. Kh1 0-0 1/2-1/2

[Event "Pardubice Czech op-A 29th"]
[Site "Pardubice"]
[Date "2018.07.21"]
[Round "2"]
[White "Khaetsky, Roman"]
[Black "Stocek, Jiri"]
[Result "1/2-1/2"]
[WhiteElo "2381"]
[BlackElo "2586"]
[PlyCount "102"]
[EventDate "2018.07.20"]
[EventType "swiss"]
[EventRounds "9"]
[EventCountry "CZE"]
[SourceTitle "CBM 185 Extra"]
[Source "ChessBase"]
[SourceDate "2018.07.29"]
[SourceVersion "1"]
[SourceVersionDate "2018.07.29"]
[SourceQuality "1"]

1. e4 e6 2. d4 d5 3. Nc3 Bb4 4. e5 c5 5. a3 Ba5 6. b4 cxd4 7. Nb5 Bc7 8. f4 Bd7 9. Nf3 Bxb5 10. Bxb5+ Nc6 11. Nxd4 Nge7 12. 0-0 Bb6 13. Kh1 Bxd4 14. Qxd4 a6 15. Bxc6+ Nxc6 16. Qd3 Ne7 17. Be3 0-0 18. Bc5 Re8 19. Rad1 Qc7 20. Rf3 h5 21. Bd6 Qc6 22. Bxe7 Rxe7 23. f5 exf5 24. Rxf5 Rae8 25. Rdf1 Qc4 26. Qd2 d4 27. h3 Rd7 28. Qf4 b5 29. Rxh5 d3 30. cxd3 Qxf4 31. Rxf4 Rxd3 32. Rfh4 Kf8 33. Rh8+ Ke7 34. R8h7 Rg3 35. Kh2 Rg5 36. Rd4 Rc8 37. h4 Rg6 38. Rd3 Rc2 39. Rg3 Rxg3 40. Kxg3 g6 41. h5 gxh5 42. Rxh5 Rc3+ 43. Kf4 Rxa3 44. Rh6 Ra4 45. Kf5 Rxb4 46. Rxa6 Rb2 47. Ra7+ Kf8 48. Rb7 b4 49. e6 Rf2+ 50. Ke4 fxe6 51. Rxb4 Rxg2 1/2-1/2

[Event "Pardubice Czech op-A 29th"]
[Site "Pardubice"]
[Date "2018.07.20"]
[Round "1"]
[White "Khaetsky, Roman"]
[Black "Subramanian, Aditya"]
[Result "1-0"]
[WhiteElo "2381"]
[BlackElo "2124"]
[PlyCount "75"]
[EventDate "2018.07.20"]
[EventType "swiss"]
[EventRounds "9"]
[EventCountry "CZE"]
[SourceTitle "CBM 185 Extra"]
[Source "ChessBase"]
[SourceDate "2018.07.29"]
[SourceVersion "1"]
[SourceVersionDate "2018.07.29"]
[SourceQuality "1"]

1. e4 e5 2. Nf3 Nc6 3. Bb5 a6 4. Bxc6 dxc6 5. 0-0 Ne7 6. Nxe5 Qd4 7. Qh5 g6 8. Qg5 Bg7 9. Nf3 Qxe4 10. Re1 Qb4 11. a3 Qd6 12. Nc3 h6 13. Qe3 Qe6 14. Qf4 Qd6 15. d4 Be6 16. Ne4 Qxf4 17. Bxf4 0-0-0 18. c3 Nf5 19. Be5 Bxe5 20. Nxe5 Nd6 21. Nxd6+ cxd6 22. Nxg6 Rhe8 23. Nf4 Bb3 24. f3 c5 25. Kf2 cxd4 26. cxd4 Kd7 27. Rxe8 Rxe8 28. Rc1 a5 29. Rc3 Ba2 30. g4 f5 31. h3 b5 32. Nh5 Rc8 33. Re3 fxg4 34. Nf6+ Kc6 35. Rc3+ Kb7 36. Nxg4 b4 37. axb4 axb4 38. Rxc8 1-0

[Event "Lutsk Nebesna Sotnya Memorial blitz"]
[Site "Lutsk"]
[Date "2018.02.16"]
[Round "10"]
[White "Khaetsky, Roman"]
[Black "Golubka, Petr"]
[Result "0-1"]
[WhiteElo "2381"]
[BlackElo "2503"]
[PlyCount "107"]
[EventDate "2018.02.16"]
[EventType "swiss (blitz)"]
[EventRounds "15"]
[EventCountry "UKR"]
[SourceTitle "CBM 182 Extra"]
[Source "ChessBase"]
[SourceDate "2018.02.23"]
[SourceVersion "1"]
[SourceVersionDate "2018.02.23"]
[SourceQuality "1"]

1. e4 c6 2. d4 d5 3. e5 Bf5 4. c4 dxc4 5. Bxc4 e6 6. Nc3 Nd7 7. Nge2 Nb6 8. Bb3 Ne7 9. 0-0 Ned5 10. Ng3 Bg6 11. Nce4 Be7 12. f4 Bxe4 13. Nxe4 g6 14. Kh1 0-0 15. Qf3 Kh8 16. Bd2 Nd7 17. Rad1 a5 18. a3 Qb6 19. Bc1 a4 20. Ba2 Qc7 21. Qh3 Rae8 22. Rf3 f5 23. exf6 Bxf6 24. Rdf1 Bxd4 25. Ng5 Nc5 26. Qh4 Bf6 27. Rh3 Bxg5 28. Qxg5 Ne4 29. Qxg6 Nef6 30. Qh6 Rg8 31. Bd2 Ne4 32. f5 exf5 33. Bxd5 cxd5 34. Bf4 Nf2+ 35. Kg1 Nxh3+ 36. Qxh3 Qc5+ 37. Kh1 d4 38. Qh6 Rg6 39. Qh4 Qd5 40. Bg3 d3 41. Qf4 d2 42. Qxa4 b5 43. Qd1 Rge6 44. b4 Kg8 45. h3 Re2 46. Rg1 R8e3 47. Kh2 Re4 48. Qa1 Qd4 49. Qb1 Re1 50. Qb3+ Qc4 51. Qf3 Rxg1 52. Kxg1 Qc1+ 53. Kh2 d1Q 54. Qxd1 0-1

[Event "Lutsk Nebesna Sotnya Memorial blitz"]
[Site "Lutsk"]
[Date "2018.02.16"]
[Round "4"]
[White "Khaetsky, Roman"]
[Black "Reshetkov, Kirill"]
[Result "1-0"]
[WhiteElo "2381"]
[BlackElo "2256"]
[PlyCount "59"]
[EventDate "2018.02.16"]
[EventType "swiss (blitz)"]
[EventRounds "15"]
[EventCountry "UKR"]
[SourceTitle "CBM 182 Extra"]
[Source "ChessBase"]
[SourceDate "2018.02.23"]
[SourceVersion "1"]
[SourceVersionDate "2018.02.23"]
[SourceQuality "1"]

1. e4 g6 2. d4 Bg7 3. Nc3 c6 4. f4 d5 5. e5 h5 6. Nf3 Nh6 7. Be3 Bg4 8. Be2 Nf5 9. Bf2 e6 10. 0-0 Nd7 11. a3 a5 12. Qd2 a4 13. Na2 Qe7 14. h3 Bxf3 15. Bxf3 Nb6 16. Be2 Nd7 17. Nb4 h4 18. Rfd1 Bh6 19. Bg4 Nf8 20. Rac1 g5 21. c4 dxc4 22. d5 c5 23. d6 Qd7 24. Rxc4 b6 25. Bxf5 cxb4 26. Rc7 Qb5 27. d7+ Kd8 28. Rc8+ Rxc8 29. dxc8Q+ Kxc8 30. Rc1+ 1-0

[Event "Lutsk Nebesna Sotnya Memorial blitz"]
[Site "Lutsk"]
[Date "2018.02.16"]
[Round "6"]
[White "Simantsev, Mikhail"]
[Black "Khaetsky, Roman"]
[Result "1-0"]
[WhiteElo "2486"]
[BlackElo "2381"]
[PlyCount "71"]
[EventDate "2018.02.16"]
[EventType "swiss (blitz)"]
[EventRounds "15"]
[EventCountry "UKR"]
[SourceTitle "CBM 182 Extra"]
[Source "ChessBase"]
[SourceDate "2018.02.23"]
[SourceVersion "1"]
[SourceVersionDate "2018.02.23"]
[SourceQuality "1"]

1. d4 f5 2. c4 Nf6 3. Nc3 d6 4. Nf3 g6 5. g3 Bg7 6. Bg2 0-0 7. 0-0 Qe8 8. d5 a5 9. Rb1 Na6 10. Be3 Bd7 11. a3 a4 12. Nd4 Ng4 13. Bf4 Ne5 14. Bxe5 Bxe5 15. f4 Bg7 16. e4 Nc5 17. exf5 Bxd4+ 18. Qxd4 Bxf5 19. Rbd1 Bc2 20. Rde1 Qf7 21. Nb5 Rac8 22. Re3 Bf5 23. Rfe1 Rfe8 24. Nc3 c6 25. Qd1 cxd5 26. Bxd5 e6 27. Bg2 h5 28. Nxa4 Qc7 29. Nc3 Rcd8 30. h3 e5 31. Nd5 Qg7 32. fxe5 dxe5 33. Kh2 Be6 34. b4 Bxd5 35. Bxd5+ Ne6 36. Rxe5 1-0

[Event "Pustomyty Stein Memorial op"]
[Site "Pustomyty"]
[Date "2017.08.30"]
[Round "9"]
[White "Khaetsky, Roman"]
[Black "Babiy, Igor"]
[Result "1-0"]
[WhiteElo "2387"]
[BlackElo "2224"]
[PlyCount "161"]
[EventDate "2017.08.25"]
[EventType "swiss"]
[EventRounds "9"]
[EventCountry "UKR"]
[SourceTitle "CBM 180 Extra"]
[Source "ChessBase"]
[SourceDate "2017.10.06"]
[SourceVersion "1"]
[SourceVersionDate "2017.10.06"]
[SourceQuality "1"]

1. e4 c6 2. d4 d5 3. e5 Bf5 4. c4 e6 5. Nc3 Ne7 6. a3 Nd7 7. c5 Bg6 8. b4 Nf5 9. Bd3 Be7 10. Nge2 f6 11. f4 a5 12. b5 fxe5 13. fxe5 0-0 14. 0-0 Nxd4 15. Rxf8+ Bxf8 16. Nxd4 Bxd3 17. Qxd3 Bxc5 18. Bf4 Qb6 19. Rd1 Rf8 20. Bg3 Rf5 21. Nce2 cxb5 22. Kh1 Nxe5 23. Qxb5 Qxb5 24. Nxb5 Nc4 25. Ned4 Rf6 26. Nb3 Bf8 27. h3 a4 28. Nd2 Nxa3 29. Nxa3 Bxa3 30. Ra1 Bb4 31. Nf3 Bc3 32. Rxa4 b5 33. Ra6 b4 34. Bd6 e5 35. Nxe5 h6 36. Rb6 Kh7 37. Nd7 Rf1+ 38. Kh2 Rb1 39. Be5 d4 40. Nc5 Re1 41. Nd3 Re3 42. Rb7 Kg6 43. g4 Re2+ 44. Kg3 Kh7 45. Rxg7+ Kh8 46. Rd7+ Kg8 47. Bxd4 Rd2 48. Rd8+ Kf7 49. Ne5+ Ke6 50. Nf3 Rd3 51. Bxc3 Rxd8 52. Bxb4 Kf7 53. Bd2 Kg7 54. Bc3+ Kh7 55. h4 Ra8 56. h5 Ra3 57. Be5 Rb3 58. Kf4 Rb1 59. Nh4 Rf1+ 60. Ke4 Rg1 61. Kf5 Rb1 62. Ng6 Rb5 63. Ne7 Rc5 64. Ke6 Rc4 65. Nd5 Ra4 66. Nf6+ Kg7 67. Kf5 Rc4 68. g5 hxg5 69. Ng4+ Kh7 70. Kxg5 Rc1 71. Nf6+ Kh8 72. h6 Rg1+ 73. Ng4+ Kh7 74. Bg7 Kg8 75. Kh5 Kf7 76. Bd4 Rd1 77. Be5 Rh1+ 78. Kg5 Kg8 79. Kg6 Kf8 80. Bh2 Rb1 81. h7 1-0

[Event "Pustomyty Stein Memorial op"]
[Site "Pustomyty"]
[Date "2017.08.28"]
[Round "6"]
[White "Khaetsky, Roman"]
[Black "Meleshko, Vladimir"]
[Result "1/2-1/2"]
[WhiteElo "2387"]
[BlackElo "2219"]
[PlyCount "42"]
[EventDate "2017.08.25"]
[EventType "swiss"]
[EventRounds "9"]
[EventCountry "UKR"]
[SourceTitle "CBM 180 Extra"]
[Source "ChessBase"]
[SourceDate "2017.10.06"]
[SourceVersion "1"]
[SourceVersionDate "2017.10.06"]
[SourceQuality "1"]

1. e4 c5 2. Nf3 Nc6 3. d4 cxd4 4. Nxd4 e5 5. Nb5 a6 6. Nd6+ Bxd6 7. Qxd6 Qf6 8. Qxf6 Nxf6 9. f3 d5 10. exd5 Nxd5 11. Na3 Bf5 12. Bc4 Ndb4 13. c3 Nd3+ 14. Ke2 Rd8 15. Bb3 Ke7 16. Nc4 Nc5 17. Be3 Nxb3 18. axb3 Bc2 19. Na5 Nxa5 20. Rxa5 Ke6 21. b4 Rd7 1/2-1/2

[Event "Pustomyty Stein Memorial op"]
[Site "Pustomyty"]
[Date "2017.08.26"]
[Round "2"]
[White "Durnev, Vladimir"]
[Black "Khaetsky, Roman"]
[Result "0-1"]
[WhiteElo "1968"]
[BlackElo "2387"]
[PlyCount "64"]
[EventDate "2017.08.25"]
[EventType "swiss"]
[EventRounds "9"]
[EventCountry "UKR"]
[SourceTitle "CBM 180 Extra"]
[Source "ChessBase"]
[SourceDate "2017.10.06"]
[SourceVersion "1"]
[SourceVersionDate "2017.10.06"]
[SourceQuality "1"]

1. d4 f5 2. e4 fxe4 3. Nc3 Nf6 4. Bg5 Nc6 5. Bb5 a6 6. Bxc6 dxc6 7. Bxf6 exf6 8. Nxe4 Qe7 9. Qe2 Bf5 10. f3 0-0-0 11. 0-0-0 g6 12. Ng3 Bh6+ 13. Kb1 Qd7 14. Nxf5 Qxf5 15. Qd3 Qxd3 16. Rxd3 Rhe8 17. c3 Re1+ 18. Kc2 Rc1+ 19. Kb3 Re8 20. f4 Ree1 21. Rh3 Bxf4 22. Ne2 Rxe2 23. Rxc1 Bxc1 24. Rxh7 Rxb2+ 25. Kc4 Rxg2 26. h4 b5+ 27. Kc5 Kb7 28. d5 Be3+ 29. Kb4 c5+ 30. Kb3 c4+ 31. Kb4 Kb6 32. Rf7 Bc5# 0-1

[Event "Pardubice op rapid 28th"]
[Site "Pardubice"]
[Date "2017.07.20"]
[Round "4"]
[White "Bekturov, Tamerlan"]
[Black "Khaetsky, Roman"]
[Result "0-1"]
[WhiteElo "2223"]
[BlackElo "2373"]
[PlyCount "154"]
[EventDate "2017.07.19"]
[EventType "swiss (rapid)"]
[EventRounds "9"]
[EventCountry "CZE"]
[SourceTitle "CBM 179 Extra"]
[Source "ChessBase"]
[SourceDate "2017.08.23"]
[SourceVersion "1"]
[SourceVersionDate "2017.08.23"]
[SourceQuality "1"]

1. d4 f5 2. c4 Nf6 3. Nc3 d6 4. Nf3 g6 5. g3 Bg7 6. Bg2 0-0 7. 0-0 Qe8 8. Nd5 Nxd5 9. cxd5 Nd7 10. Qc2 Nb6 11. Qxc7 Nxd5 12. Qc4 e6 13. Ng5 Nb6 14. Qb4 Qa4 15. Qxa4 Nxa4 16. e3 d5 17. b3 Nc3 18. Bd2 h6 19. Bxc3 hxg5 20. Rfc1 Bd7 21. Bb4 Rfc8 22. Bf1 Bf8 23. Bxf8 Kxf8 24. Bd3 Ke7 25. b4 Kd6 26. Rc5 b6 27. Rcc1 g4 28. Ba6 Rh8 29. a4 Rh7 30. Kg2 Rah8 31. Rh1 Bc8 32. Bd3 Rc7 33. Rac1 Rxc1 34. Rxc1 Bd7 35. Bb5 g5 36. Bxd7 Kxd7 37. b5 Rf8 38. Rc6 f4 39. a5 f3+ 40. Kg1 bxa5 41. Ra6 Rc8 42. Rxa7+ Kd8 43. h3 gxh3 44. g4 Rc1+ 45. Kh2 Rf1 46. b6 Kc8 47. Kxh3 Rxf2 48. Kg3 Ra2 49. Kxf3 a4 50. Re7 a3 51. Ra7 Ra1 52. Kg2 Kb8 53. Kh2 a2 54. Kg2 Re1 55. Rxa2 Rxe3 56. Ra7 Re4 57. Rg7 Rxg4+ 58. Kf3 Rxd4 59. Rxg5 Re4 60. Rg7 Rb4 61. Re7 Rxb6 62. Kf4 Rb4+ 63. Ke5 Re4+ 64. Kd6 d4 65. Kc5 d3 66. Rd7 Re3 67. Kd4 Rh3 68. Ke5 Kc8 69. Rd4 Kc7 70. Kxe6 Kc6 71. Ke5 Kc5 72. Rd8 Kc4 73. Ke4 Kc3 74. Rc8+ Kb2 75. Rc7 d2 76. Rd7 Kc2 77. Rc7+ Rc3 0-1

[Event "Pardubice op rapid 28th"]
[Site "Pardubice"]
[Date "2017.07.20"]
[Round "8"]
[White "Khaetsky, Roman"]
[Black "Dvoirys, Semen I"]
[Result "0-1"]
[WhiteElo "2373"]
[BlackElo "2552"]
[PlyCount "62"]
[EventDate "2017.07.19"]
[EventType "swiss (rapid)"]
[EventRounds "9"]
[EventCountry "CZE"]
[SourceTitle "CBM 179 Extra"]
[Source "ChessBase"]
[SourceDate "2017.08.23"]
[SourceVersion "1"]
[SourceVersionDate "2017.08.23"]
[SourceQuality "1"]

1. e4 c5 2. c3 Nf6 3. e5 Nd5 4. d4 cxd4 5. Nf3 Nc6 6. Bc4 Nb6 7. Bb3 d5 8. exd6 Qxd6 9. cxd4 Be6 10. 0-0 Bxb3 11. Qxb3 e6 12. Nc3 Be7 13. Rd1 Rd8 14. d5 Nxd5 15. Qxb7 Rb8 16. Qa6 0-0 17. Bf4 Qxf4 18. Nxd5 exd5 19. Qxc6 Rxb2 20. Qxd5 g6 21. Qe5 Qb4 22. a3 Qb6 23. Rf1 Bf6 24. Qe3 Qxe3 25. fxe3 Re8 26. Rae1 Bc3 27. Rd1 Rxe3 28. Ng5 Re7 29. Rf3 Ba5 30. Rdf1 Ree2 31. Rg3 Bc7 0-1

[Event "Pardubice op rapid 28th"]
[Site "Pardubice"]
[Date "2017.07.20"]
[Round "5"]
[White "Khaetsky, Roman"]
[Black "Nihal, Sarin"]
[Result "1-0"]
[WhiteElo "2373"]
[BlackElo "2471"]
[PlyCount "73"]
[EventDate "2017.07.19"]
[EventType "swiss (rapid)"]
[EventRounds "9"]
[EventCountry "CZE"]
[SourceTitle "CBM 179 Extra"]
[Source "ChessBase"]
[SourceDate "2017.08.23"]
[SourceVersion "1"]
[SourceVersionDate "2017.08.23"]
[SourceQuality "1"]

1. e4 c5 2. Nc3 Nc6 3. Bb5 Nd4 4. Bc4 Nf6 5. Nf3 Nxf3+ 6. Qxf3 d6 7. h3 e6 8. d3 Be7 9. g4 a6 10. Bd2 Nd7 11. 0-0-0 Rb8 12. Bb3 b5 13. a4 Ne5 14. Qe2 Nc6 15. Be3 Bf6 16. g5 Bxc3 17. bxc3 Qa5 18. Kd2 Nd4 19. Bxd4 cxd4 20. Rb1 0-0 21. axb5 Rxb5 22. h4 Qxc3+ 23. Kd1 e5 24. g6 Be6 25. gxh7+ Kh8 26. Qd2 Rfb8 27. Qxc3 dxc3 28. Ra1 Bxb3 29. cxb3 Rxb3 30. Kc2 Rb2+ 31. Kxc3 Rxf2 32. Rxa6 Rc8+ 33. Kb3 Rf6 34. Rd1 Kxh7 35. d4 exd4 36. Rxd4 Re8 37. Kc3 1-0

[Event "Lutsk Nebesna Sotnya Memorial rapid"]
[Site "Lutsk"]
[Date "2017.02.19"]
[Round "9"]
[White "Khaetsky, Roman"]
[Black "Bortnyk, Mykola"]
[Result "1/2-1/2"]
[WhiteElo "2373"]
[BlackElo "2428"]
[PlyCount "88"]
[EventDate "2017.02.18"]
[EventType "swiss (rapid)"]
[EventRounds "11"]
[EventCountry "UKR"]
[SourceTitle "CBM 176 Extra"]
[Source "ChessBase"]
[SourceDate "2017.03.02"]
[SourceVersion "1"]
[SourceVersionDate "2017.03.02"]
[SourceQuality "1"]

1. e4 Nf6 2. e5 Nd5 3. Nc3 Nxc3 4. dxc3 d6 5. Bc4 Nc6 6. Nf3 dxe5 7. Qxd8+ Nxd8 8. Nxe5 Bf5 9. Bd3 Bxd3 10. cxd3 f6 11. Nc4 e5 12. f4 exf4 13. Bxf4 Kd7 14. 0-0-0 Ne6 15. Be3 Bd6 16. Nxd6 cxd6 17. Rhe1 Rhe8 18. Kc2 f5 19. Rf1 g6 20. Rde1 Re7 21. Kd2 b6 22. h3 Rae8 23. Bh6 Nc7 24. Rxe7+ Rxe7 25. g4 Rf7 26. gxf5 Rxf5 27. Rxf5 gxf5 28. c4 d5 29. Ke3 dxc4 30. dxc4 Ne6 31. b4 Kc6 32. Bf4 b5 33. c5 Kd5 34. a3 a6 35. Bb8 Nd4 36. Kf4 Nc2 37. Kxf5 Nxa3 38. Be5 Nb1 39. h4 h5 40. Bb2 Nd2 41. Kg5 a5 42. bxa5 Kxc5 43. Kxh5 Nf3 44. Kg4 Nxh4 1/2-1/2

[Event "Pardubice Czech op-A 27th"]
[Site "Pardubice"]
[Date "2016.07.28"]
[Round "7"]
[White "Khaetsky, Roman"]
[Black "Jakubowski, Krzysztof"]
[Result "0-1"]
[WhiteElo "2385"]
[BlackElo "2557"]
[PlyCount "62"]
[EventDate "2016.07.22"]
[EventType "swiss"]
[EventRounds "9"]
[EventCountry "CZE"]
[SourceTitle "CBM 173 Extra"]
[Source "ChessBase"]
[SourceDate "2016.08.29"]
[SourceVersion "1"]
[SourceVersionDate "2016.08.29"]
[SourceQuality "1"]

1. e4 d6 2. f4 e5 3. Nf3 exf4 4. Bc4 h6 5. d4 g5 6. c3 Bg7 7. Qb3 Qe7 8. 0-0 Nd7 9. Na3 Nb6 10. Bd2 Bd7 11. Kh1 0-0-0 12. Rae1 h5 13. d5 h4 14. Nb5 a6 15. Nbd4 g4 16. Nf5 Bxf5 17. exf5 Qd7 18. Ng5 h3 19. Bxf4 hxg2+ 20. Kxg2 Nf6 21. Ne4 Nxe4 22. Rxe4 Be5 23. Bxe5 dxe5 24. Rxg4 Rh5 25. Rg3 Rh4 26. Be2 Nxd5 27. Kh1 Qc6 28. Bf3 e4 29. Bg2 Qh6 30. Rd1 Rxh2+ 31. Kg1 Rxg2+ 0-1